Quizzes
Events
Quiz Creation
Community
Videos
Private Events
Remove Ads
Sign In
Join for FREE
Feedback
Dark Mode
Quiz Categories
Sports
Geography
Music
Movies
Television
Just For Fun
Miscellaneous
History
Literature
Language
Science
Gaming
Entertainment
Religion
Holiday
For Kids
Quiz Lab
Recent
Popular Today
Quiz Kudos Today
Editor Picks
Curator Picks
Quizzes by...
Day
Popularity
Type
Ratings
Length
Year
Community
Subscriptions
Recent Discussions
Orange Saloon
Badges
Playlists
Quests
Create
Leaderboards
Showdown
Live 5
Trivia Bingo
Activity
Puzzle Library
Sporcle Events
Private Events
Virtual Trivia
Globe League
Become a Host
Pub Owners
SporcleCon
Opinionation
Our Games
Videos
Blog
Mobile Apps
Partnerships
Remove Ads and Go Orange
Feedback
Literature
Harry Potter
A Song of Ice and Fire
The Hunger Games
Literary Character
Shakespeare
Book
Author
Novel
Poem
Young Adult
Children's Books
Play
Lord of the Rings
Literature
Harry Potter
A Song of Ice and Fire
The Hunger Games
Literary Character
Shakespeare
Book
Author
Novel
Poem
Young Adult
Children's Books
Play
Lord of the Rings
Random Quiz
Search Sporcle
×
Quiz Lab
Quiz Lab
Literature
The Hunger Games
Type in answers that appear in a list
Type in answers that appear in a list
Classic
Best Score? Go Orange.
Hunger Games Peeta's Profile Stats
Can you name the Peeta's Profile?
By
afjrotc
7m
19 Questions
1,093 Plays
1,093 Plays
1,093 Plays
Comments
Comments
Give Quiz Kudos
Give Quiz Kudos
-
- Ratings
hide this ad
Replay
Link that replays current quiz
Next Quiz
Link to next quiz in quiz playlist
You Got
0%
They Got
Avg Score
80%
Avg Friend Score
Upgrade to see
Score Distribution
Jump to the score distribution portion of the page
Score
0/19
Timer
07:00
0
Plays Today
Question
Answer
% Correct
Wife
Katniss
98.5%
parents owned what?
bakery
98.4%
mentor
haymitch
96.3%
favorite color
orange like the sunset
95.8%
what districk does he live in?
12
89.1%
what was his training score for the 75th hg?
12
89.1%
Does he vote yes or no to have on last hunger games with capitol childeren?
he votes no
88.9%
hijaked by whom?
Snow
85.7%
in fist hunger hunger games he makes allies with?
career pack
83.7%
what limb does he have to have amputated?
leg
83.4%
Question
Answer
% Correct
who brought peeta back to life?
finnick
83.3%
How many kids does he have?
2
80.5%
talent
painting
80.1%
what does he give to katniss in the second arena?
pearl
72.3%
kills who in the first arena?
foxface
67.2%
who does he warn that they are about to get bombed?
District 13
66.8%
his best freind when he was younger
Delly
64%
What was thew last question he asked Katniss? (answer was true)
You love me. Real or not real?
56.8%
who does he frost a cake for?
annie and finnick
45.6%
Quiz Playlist
Details
Report
Send in Message
Add To Playlist
Classic:
Type in answers that appear in a list
Last Updated: Feb 16, 2017
Quiz Scoreboard
CHALLENGE
Sign Up to Join the Scoreboard
Show All
Scores
Hide
Comments
May contain spoilers
Recently Published
Alphabetical 'K' Countries by Flag Minefield
by ylime102
Geography
3m
Pick 6: Fruits
by JohnFran
Miscellaneous
15s
Click the 1999 NBA Draft
by nibperrychub
Sports
2m
More to Explore
Quiz From the Vault
Featured Blog Post
15 Basketball Trivia Facts You Can Be March Mad About
hide this ad
You Might Also Like...
Tags
The Hunger Games Quiz
Katniss Everdeen
Peeta Mellark
Today's Top Quizzes in Literature
Browse Literature
hide this ad
Today's Top Quizzes in The Hunger Games
Browse The Hunger Games
Top Contributed Quizzes in Literature
1
Season Plays
2
Pick 3: Harry Potter Hogwarts Quidditch Players
3
4-to-1 Blitz: Harry Potter
4
percy jackson logic puzzle
5
Dumbledore's Army Logic Puzzle
6
Harry Potter Logic Quiz New
7
Jane Eyre Character Quotes
8
Harry Potter: Partnered Harry Trio Venn Diagram
9
Word Ladder: King's 'The Stand'
10
Literature Acrostic Puzzle
Explore More
Trending Topics
NBA
Crossword
Marvel
Kpop
Disney
Anime
Harry Potter
Pokémon
Soccer
NFL
Song
WWE
The Office
Puzzle
Country
hide this ad
More By:
afjrotc
Quiz
Plays
Rating
Category
Featured
Created
Hunger Games 100 questions
5,619
1.75
Literature
Jan 18, 2012
hunger Games Peeta's Profile
1,093
2.25
Literature
Jan 15, 2012
Hunger Games Mockingjay Characters
686
1.50
Literature
Jan 11, 2012
Hunger Games Katniss's Lullaby to Rue
114
Language
Jan 15, 2012
Go to Creator's Profile
Score Distribution
Quiz Creator Spotlight
afjrotc
Follow
Send a Message
Quizzes Created
-
Created Quiz Play Count
-
More By This Creator
Popular Quizzes Today
1
Find the US States - No Outlines Minefield
2
Countries of Asia Without Outlines Minefield
3
Pick 6: Fruits
4
Alphabetical 'K' Countries by Flag Minefield
5
The Countries of the World
6
Find the US States
7
Match the Book to the Film X
8
Click the 1999 NBA Draft
More Literature Quizzes
Debut & 'Best' Novels
Published
Trending Quizzes
Pick 6: Harry Potter
Pick 6: Mountains
Pick 6: NFL Teams
Pick 6: Movie Franchises
Pick 6: Golfers
Recently Updated
Women's Final Four Teams by Year
bhenderson79
Presidents Quartet II
eogle
Anything But Clue(do)
eogle
Anything But Oceanian Capitals
eogle
Anything But 7
eogle
Anything But Thing
eogle
Word Ladder: February 29
pecheneg
Song Title Questions
pecheneg
Women's NCAA Tournament #1 Seeds
pecheneg
Celebrity Mug Shots
pecheneg
Trending Topics
Kpop
Marvel
NBA
Harry Potter
Crossword
Anime
Disney
The Office
Song
Soccer
NFL
Puzzle
Pokémon
WWE
Country
Your Account Isn't Verified!
In order to create a playlist on Sporcle, you need to verify the email address you used during registration. Go to your
Sporcle Settings
to finish the process.
Report this User
Report this user for behavior that violates our
Community Guidelines
.
Details:
Send Report
Go to the Sporcle.com Mobile Site →
Comments